<?xml version="1.0" encoding="UTF-8"?>
<record
    xmlns:xsi="http://www.w3.org/2001/XMLSchema-instance"
    xsi:schemaLocation="http://www.loc.gov/MARC21/slim http://www.loc.gov/standards/marcxml/schema/MARC21slim.xsd"
    xmlns="http://www.loc.gov/MARC21/slim">

  <leader>00625nam a22001577a 4500</leader>
  <controlfield tag="003">OSt</controlfield>
  <controlfield tag="005">20151102141736.0</controlfield>
  <controlfield tag="008">151102b        xxu||||| |||| 00| 0 eng d</controlfield>
  <datafield tag="040" ind1=" " ind2=" ">
    <subfield code="c">RUA</subfield>
  </datafield>
  <datafield tag="082" ind1=" " ind2=" ">
    <subfield code="a">FOR &#x17A2;&#x17BB;&#x1784;&#x200B; 1992 B117 Or.1</subfield>
  </datafield>
  <datafield tag="100" ind1=" " ind2=" ">
    <subfield code="9">3183</subfield>
    <subfield code="a">&#x17A2;&#x17BB;&#x1784; &#x17A0;&#x17BB;&#x1780;&#x1790;&#x17B6;&#x179C;&#x179A;&#x17C8;</subfield>
  </datafield>
  <datafield tag="245" ind1=" " ind2=" ">
    <subfield code="a">&#x1782;&#x17C6;&#x179A;&#x17C4;&#x1784;&#x1793;&#x17C3;&#x1780;&#x17B6;&#x179A;&#x179A;&#x17C0;&#x1794;&#x1785;&#x17C6;&#x1796;&#x17D2;&#x179A;&#x17C3;&#x1794;&#x17C6;&#x179A;&#x17BB;&#x1784;&#x1791;&#x17BB;&#x1780;&#x1780;&#x17D2;&#x178F;&#x17BB;&#x179B;&#x1780;&#x17D2;&#x1793;&#x17BB;&#x1784;&#x179F;&#x17D2;&#x179A;&#x17BB;&#x1780;&#x1791;&#x17B9;&#x1780;&#x1795;&#x17BB;&#x179F; &#x1781;&#x17C1;&#x178F;&#x17D2;&#x178F;&#x1780;&#x17C6;&#x1796;&#x1784;&#x17CB;&#x1786;&#x17D2;&#x1793;&#x17B6;&#x17C6;&#x1784;&#x178A;&#x17BE;&#x1798;&#x17D2;&#x1794;&#x17B8;&#x1791;&#x17B6;&#x1789;&#x1799;&#x1780;&#x17A2;&#x17BB;&#x179F;</subfield>
  </datafield>
  <datafield tag="260" ind1=" " ind2=" ">
    <subfield code="a">Phnom Penh</subfield>
    <subfield code="b">RUA</subfield>
    <subfield code="c">1992</subfield>
  </datafield>
  <datafield tag="300" ind1=" " ind2=" ">
    <subfield code="a">81p.</subfield>
    <subfield code="b">ill.</subfield>
    <subfield code="c">29cm.</subfield>
  </datafield>
  <datafield tag="942" ind1=" " ind2=" ">
    <subfield code="2">ddc</subfield>
    <subfield code="c">FOR</subfield>
  </datafield>
  <datafield tag="999" ind1=" " ind2=" ">
    <subfield code="c">2971</subfield>
    <subfield code="d">2971</subfield>
  </datafield>
  <datafield tag="952" ind1=" " ind2=" ">
    <subfield code="0">0</subfield>
    <subfield code="1">0</subfield>
    <subfield code="2">ddc</subfield>
    <subfield code="4">0</subfield>
    <subfield code="6">FOR_&#x17A2;&#x17BB;&#x1784;_1992_000000000000000_B117_OR_1</subfield>
    <subfield code="7">0</subfield>
    <subfield code="9">14192</subfield>
    <subfield code="a">LBB</subfield>
    <subfield code="b">LBB</subfield>
    <subfield code="c">B117</subfield>
    <subfield code="d">2015-11-02</subfield>
    <subfield code="o">FOR &#x17A2;&#x17BB;&#x1784;&#x200B; 1992 B117 Or.1</subfield>
    <subfield code="p">RUA026189</subfield>
    <subfield code="r">2015-11-02</subfield>
    <subfield code="w">2015-11-02</subfield>
    <subfield code="y">FOR</subfield>
  </datafield>
  <datafield tag="952" ind1=" " ind2=" ">
    <subfield code="0">0</subfield>
    <subfield code="1">0</subfield>
    <subfield code="2">ddc</subfield>
    <subfield code="4">0</subfield>
    <subfield code="6">FOR_&#x17A2;&#x17BB;&#x1784;_1992_000000000000000_B117_OR_2</subfield>
    <subfield code="7">0</subfield>
    <subfield code="9">14193</subfield>
    <subfield code="a">LBB</subfield>
    <subfield code="b">LBB</subfield>
    <subfield code="c">B117</subfield>
    <subfield code="d">2015-11-02</subfield>
    <subfield code="o">FOR &#x17A2;&#x17BB;&#x1784;&#x200B; 1992 B117 Or.2</subfield>
    <subfield code="p">RUA026391</subfield>
    <subfield code="r">2015-11-02</subfield>
    <subfield code="w">2015-11-02</subfield>
    <subfield code="y">FOR</subfield>
  </datafield>
  <datafield tag="952" ind1=" " ind2=" ">
    <subfield code="0">0</subfield>
    <subfield code="1">0</subfield>
    <subfield code="2">ddc</subfield>
    <subfield code="4">0</subfield>
    <subfield code="6">FOR_&#x17A2;&#x17BB;&#x1784;_1992_000000000000000_B117_OR_3</subfield>
    <subfield code="7">0</subfield>
    <subfield code="9">14194</subfield>
    <subfield code="a">LBB</subfield>
    <subfield code="b">LBB</subfield>
    <subfield code="c">B117</subfield>
    <subfield code="d">2015-11-02</subfield>
    <subfield code="o">FOR &#x17A2;&#x17BB;&#x1784;&#x200B; 1992 B117 Or.3</subfield>
    <subfield code="p">RUA026247</subfield>
    <subfield code="r">2015-11-02</subfield>
    <subfield code="w">2015-11-02</subfield>
    <subfield code="y">FOR</subfield>
  </datafield>
  <datafield tag="952" ind1=" " ind2=" ">
    <subfield code="0">0</subfield>
    <subfield code="1">0</subfield>
    <subfield code="2">ddc</subfield>
    <subfield code="4">0</subfield>
    <subfield code="6">FOR_&#x17A2;&#x17BB;&#x1784;_1992_000000000000000_B117_OR_4</subfield>
    <subfield code="7">0</subfield>
    <subfield code="9">14195</subfield>
    <subfield code="a">LBB</subfield>
    <subfield code="b">LBB</subfield>
    <subfield code="c">B117</subfield>
    <subfield code="d">2015-11-02</subfield>
    <subfield code="o">FOR &#x17A2;&#x17BB;&#x1784;&#x200B; 1992 B117 Or.4</subfield>
    <subfield code="p">RUA027973</subfield>
    <subfield code="r">2015-11-02</subfield>
    <subfield code="w">2015-11-02</subfield>
    <subfield code="y">FOR</subfield>
  </datafield>
</record>
